LEADER 00860nam0-2200301---450- 001 990009945170403321 005 20150306095334.0 035 $a000994517 035 $aFED01000994517 035 $a(Aleph)000994517FED01 035 $a000994517 100 $a20150306d1960----km-y0itay50------ba 101 0 $aeng 102 $aGB 105 $ay-------001yy 200 1 $aVictor and victim$ethe Christian doctrine of redemption$fby J.S. Whale 210 $aCambridge$cUniversity Press$d1960 215 $a172 p.$d22 cm 610 0 $aRedenzione$aTeologia cristiana 676 $a234.3$v22$zita 700 1$aWhale,$bJohn Seldon$f<1896-1997>$0524788 801 0$aIT$bUNINA$gRICA$2UNIMARC 901 $aBK 912 $a990009945170403321 952 $a234.3 WHA 1$bBibl. 34226$fFLFBC 959 $aFLFBC 996 $aVictor and victim$9820729 997 $aUNINA LEADER 00921nam a2200193Ia 4500 001 991004376522807536 008 250411s9999||||xx |||||||||||||| ||und|| 020 $a9788824327268 082 $a 342.37 100 $aCapogrossi Colognesi, Luigi $033535 245 0$aCome si diventa romani :$bl'espansione del potere romano in Italia, strumenti istituzionali e logiche politiche /$cLuigi Capogrossi Colognesi 260 $aNapoli :$bJovene,$c2022 300 $aXVI, 637 p. :$bill. ;$c24 cm 490 $aPubblicazioni del Consorzio interuniversitario Gérard Boulvert 650 $aRoma antica$xOrdinamento istituzionale$xSec 5.-1. a.C. 852 $p2001000209828$hLE001 342.37 CAP$g64$oLE001N-20135$aLE001$mVM$t1$kLoan$d2025/01/20$zLE001 B.C. 002, 20/01/2025 - Fattura n. 132 del 09/01/2025 : Leggere Srl - Importo totale: 2853.97 912 $a991004376522807536 996 $aCome si diventa romani$92985351 997 $aUNISALENTO